Państwa Słowiańskie- Nagła Śmierć (trzy życia) - Statystyki

Ogólne statystyki
  • Ten quiz został rozwiązany 98 razy
  • Średni wynik to 9 z 11
Answers on the Grid
Answers color-coded by a green-red scale on the quiz's grid according to % correct below.
Polska
Kosowo
Węgry
Serbo-chorwacja
Bułgaria
Syberia
Białoruś
Czarnogóra
Jugosławia
Ukraina
Macedonia Południowa
Czechy
Macedonia Północna
Chorwacja
Albania
Czeczenia
Czechosłowenia
Słowacja
Serbia
Rosja
 
Statystyki odpowiedzi
Odpowiedź % Poprawnych
Polska
96%
Słowacja
94%
Czechy
93%
Białoruś
91%
Rosja
90%
Ukraina
87%
Chorwacja
81%
Serbia
78%
Bułgaria
74%
Czarnogóra
66%
Macedonia Północna
59%
Nie znaleziono quizów pasujących do podanych kryteriów
Rozkład punktacji
Procent ludzi z każdym wynikiem
Percentyl według liczby udzielonych odpowiedzi
Twoja historia wyników
Nie rozwiązałeś tego quizu